000 00885nam a2200277Ia 4500
003 OSt
005 20220925192501.0
006 a|||||r|||| 00| 0
007 ta
008 220923b |||||||| |||| 00| 0 eng d
020 _a0 7456 0749 7
037 _cGeneral Book
040 _aRTL
_cRTL
_beng
041 _2eng
_aeng
082 _aY:47.5.N9, N0
100 _aDalton Russell J
_9148464
245 0 _aChallenging the political order
_bNew social and political movements in western democracies
260 _aC`ambridge
_bPolity press
_c1990
300 _axii,329p
_ccm.
490 _aEurope and the International Order
500 _aBibliography p 301-24
650 _aSocial Movements
_934468
700 _a Kuechler Manfred Ed.
_9245320
942 _hY:47.5.N9, N0
_cGB
_2CC
999 _c522310
_d522310